Statistics for Countries That Produce The Most Toilet Paper

Click here to take the quiz!

General Stats

  • This quiz has been taken 94 times
  • The average score is 11 of 15

Answer Stats

% Of total ProducedAnswer% Correct
18.5%China
99%
4.17%United States
99%
2.85%United Kingdom
91%
4.61%Canada
88%
4.86%France
88%
8.86%Germany
87%
2.68%Mexico
84%
2.46%Spain
82%
4.5%Italy
81%
4.08%Poland
73%
5.02%Sweden
73%
2.58%Portugal
62%
2.54%Austria
54%
2.02%Slovakia
21%
3.85%El Salvador
4%

Score Distribution

Percentile by Number Answered

Percent of People with Each Score

Your Score History

You have not taken this quiz